ბათუმის შოთა რუსთაველის სახელმწიფო უნივერსიტეტის ბიბლიოთეკა

შავი ზღვის აუზის ქვეყნების მედიკოს სტუდენტთა და პროფესორ-მასწავლებელთა შრომათა კრებული:COLLECTION OF WORKS of the medical students and doctors of the black sea region. (ბიბ.ჩანაწერი № 51560)

000 -LEADER
fixed length control field 01408nam a2200229Ia 4500
001 - CONTROL NUMBER
control field 18551
003 - CONTROL NUMBER IDENTIFIER
control field GE_BSU
008 - FIXED-LENGTH DATA ELEMENTS--GENERAL INFORMATION
fixed length control field 181216s||||||||xx |||||||||||||| ||und||
010 ## - LIBRARY OF CONGRESS CONTROL NUMBER
LC control number ISBN:9789941409639
040 ## - CATALOGING SOURCE
Transcribing agency GE_BSU
080 ## - UNIVERSAL DECIMAL CLASSIFICATION NUMBER
Universal Decimal Classification number 61(063)
245 ## - TITLE STATEMENT
Title შავი ზღვის აუზის ქვეყნების მედიკოს სტუდენტთა და პროფესორ-მასწავლებელთა შრომათა კრებული:COLLECTION OF WORKS of the medical students and doctors of the black sea region.
245 ## - TITLE STATEMENT
Statement of responsibility, etc. რედ:ალ.ბაკურიძე.სარედ.კოლ:გ.ცეცხლაძე,შ.ვაშაძე,გ.დუმბაძე და სხვ.
250 ## - EDITION STATEMENT
Edition statement შოთა რუსთაველის სახელმწიფო უნ-ტი,ჯანდაცვის ფაკულტეტი
260 ## - PUBLICATION, DISTRIBUTION, ETC.
Place of publication, distribution, etc. ბათუმი.
260 ## - PUBLICATION, DISTRIBUTION, ETC.
Name of publisher, distributor, etc. შოთა რუსთაველის უნიტის გამ-ბა
260 ## - PUBLICATION, DISTRIBUTION, ETC.
Date of publication, distribution, etc. 2009
300 ## - PHYSICAL DESCRIPTION
Extent 224გვ;26სმ.
653 ## - INDEX TERM--UNCONTROLLED
Uncontrolled term მედიცინა
653 ## - INDEX TERM--UNCONTROLLED
Uncontrolled term შავი ზღვის აუზის ქვეყნების მედიკოს სტუდენტთა და პროფესორ-მასწავლებელთა შრომათა კრებული
942 ## - ADDED ENTRY ELEMENTS (KOHA)
Koha item type წიგნი
ეგზემპლარები
Withdrawn status Lost status Damaged status Not for loan Date acquired Barcode Date last seen Price effective from Koha item type
        2018-12-17 47974 2018-12-17 2018-12-17 წიგნი